<?xml version="1.0" encoding="UTF-8"?>
<record
    xmlns:xsi="http://www.w3.org/2001/XMLSchema-instance"
    xsi:schemaLocation="http://www.loc.gov/MARC21/slim http://www.loc.gov/standards/marcxml/schema/MARC21slim.xsd"
    xmlns="http://www.loc.gov/MARC21/slim">

  <leader>02972nam a22003017a 4500</leader>
  <controlfield tag="003">OSt</controlfield>
  <controlfield tag="005">20260210113356.0</controlfield>
  <controlfield tag="007">cr ||||||a|c|a</controlfield>
  <controlfield tag="008">230502s2020    mx ad||fom||| 001 0 spa d</controlfield>
  <datafield tag="040" ind1=" " ind2=" ">
    <subfield code="e">rda</subfield>
  </datafield>
  <datafield tag="100" ind1="1" ind2=" ">
    <subfield code="9">186821</subfield>
    <subfield code="a">Rosario Arellano, Juan del</subfield>
  </datafield>
  <datafield tag="245" ind1="1" ind2="0">
    <subfield code="a">Selecci&#xF3;n masal aplicado a la variedad de ma&#xED;z nativo criollo chico en la zona templada del centro de Veracruz /</subfield>
    <subfield code="c">por Juan Del Rosario Arellano; director de tesis Andr&#xE9;s Meza Pablo</subfield>
  </datafield>
  <datafield tag="264" ind1=" " ind2="1">
    <subfield code="a">Chapingo, M&#xE9;xico :</subfield>
    <subfield code="b">El autor,</subfield>
    <subfield code="c">2020.</subfield>
  </datafield>
  <datafield tag="300" ind1=" " ind2=" ">
    <subfield code="a">1 recurso en l&#xED;nea (57 p&#xE1;ginas):</subfield>
    <subfield code="b">ilustraciones, gr&#xE1;ficas</subfield>
  </datafield>
  <datafield tag="336" ind1=" " ind2=" ">
    <subfield code="2">rdacontent</subfield>
    <subfield code="a">texto</subfield>
    <subfield code="b">txt</subfield>
  </datafield>
  <datafield tag="337" ind1=" " ind2=" ">
    <subfield code="2">rdamedia</subfield>
    <subfield code="a">computadora</subfield>
    <subfield code="b">c</subfield>
  </datafield>
  <datafield tag="338" ind1=" " ind2=" ">
    <subfield code="2">rdacarrier</subfield>
    <subfield code="a">recurso en l&#xED;nea</subfield>
    <subfield code="b">cr</subfield>
  </datafield>
  <datafield tag="502" ind1=" " ind2=" ">
    <subfield code="b">IAg</subfield>
    <subfield code="c">Agroecolog&#xED;a</subfield>
    <subfield code="d">2020.</subfield>
  </datafield>
  <datafield tag="504" ind1=" " ind2=" ">
    <subfield code="a">Incluye referencias bibliogr&#xE1;ficas: p&#xE1;ginas 48-52</subfield>
  </datafield>
  <datafield tag="520" ind1=" " ind2=" ">
    <subfield code="a">El ma&#xED;z, es el cultivo de mayor trascendencia para M&#xE9;xico desde diversos enfoques como el social, econ&#xF3;mico, pol&#xED;tico y cultural. A lo largo de la historia, los peque&#xF1;os agricultores se han dedicado a acumular genes superiores mediante la selecci&#xF3;n de caracteres deseables permitiendo dar paso a un tipo de mejoramiento tradicional (G&#xF3;mez et al., 1995). Los m&#xE9;todos de selecci&#xF3;n, relativamente recientes, para el mejoramiento gen&#xE9;tico permiten cambiar direccionalmente la media genot&#xED;pica de una poblaci&#xF3;n, de una generaci&#xF3;n a la siguiente (Molina, 1992). En el presente trabajo de investigaci&#xF3;n se analizaron dos ciclos de selecci&#xF3;n obtenidos mediante Selecci&#xF3;n Masal Visual Estratificada (SMVE), la variedad original (V0) y un testigo que correspondi&#xF3; a criollo &#xBE;, el experimento se realiz&#xF3; en la localidad de Xonotzintla, Chocam&#xE1;n y Moyoapan grande, Coscomatepec pertenecientes a la zona monta&#xF1;osa central del estado de Veracruz con el fin de evaluar el efecto ambiental. Se estableci&#xF3; un dise&#xF1;o de bloques completos al azar con cuatro repeticiones. Todas las variables se sometieron a un an&#xE1;lisis de varianza individual y combinado a trav&#xE9;s de localidades con el paquete estad&#xED;stico SAS/STAT&#xAE;. Se aplic&#xF3; una prueba de medias de Duncan al 5 % de confiabilidad (Castillo, 2007). Con el an&#xE1;lisis de los resultados experimentales se comprob&#xF3; la efectividad del m&#xE9;todo de SMVE al obtener cambios en la media genot&#xED;pica de la poblaci&#xF3;n original, en el an&#xE1;lisis combinado se obtuvieron diferencias significativas entre tratamientos en el 58.33 %, entre localidades 66.66 % y para la interacci&#xF3;n Loc*Var se encontr&#xF3; diferencias significativas en el 50 % de las variables registradas de las 12 variables registradas.</subfield>
  </datafield>
  <datafield tag="650" ind1=" " ind2="4">
    <subfield code="9">71006</subfield>
    <subfield code="a">Ma&#xED;z</subfield>
    <subfield code="x">Mejoramiento</subfield>
  </datafield>
  <datafield tag="650" ind1=" " ind2="4">
    <subfield code="9">70963</subfield>
    <subfield code="a">Ma&#xED;z</subfield>
    <subfield code="x">Gen&#xE9;tica</subfield>
  </datafield>
  <datafield tag="650" ind1=" " ind2="4">
    <subfield code="9">141323</subfield>
    <subfield code="a">Ma&#xED;z </subfield>
    <subfield code="x">Variedades </subfield>
  </datafield>
  <datafield tag="650" ind1=" " ind2="7">
    <subfield code="9">71051</subfield>
    <subfield code="a">Ma&#xED;z</subfield>
    <subfield code="x">Rendimiento</subfield>
  </datafield>
  <datafield tag="700" ind1="1" ind2=" ">
    <subfield code="9">186832</subfield>
    <subfield code="a">Andres Meza, Pablo</subfield>
    <subfield code="e">Director de tesis</subfield>
  </datafield>
  <datafield tag="856" ind1=" " ind2=" ">
    <subfield code="u">http://10.13.5.2/tesis/tl/Del_Rosario_Arellano_Juan.pdf</subfield>
    <subfield code="z">DESCARGAR PDF</subfield>
  </datafield>
  <datafield tag="942" ind1=" " ind2=" ">
    <subfield code="2">Clasificaci&#xF3;n Universidad Aut&#xF3;noma Chapingo</subfield>
    <subfield code="c">TD</subfield>
  </datafield>
  <datafield tag="999" ind1=" " ind2=" ">
    <subfield code="c">218659</subfield>
    <subfield code="d">218659</subfield>
  </datafield>
  <datafield tag="952" ind1=" " ind2=" ">
    <subfield code="0">0</subfield>
    <subfield code="1">0</subfield>
    <subfield code="2">local</subfield>
    <subfield code="4">0</subfield>
    <subfield code="5">1</subfield>
    <subfield code="7">0</subfield>
    <subfield code="8">TesDigL</subfield>
    <subfield code="a">BD</subfield>
    <subfield code="b">BD</subfield>
    <subfield code="c">E_L</subfield>
    <subfield code="d">2023-05-02</subfield>
    <subfield code="l">0</subfield>
    <subfield code="o">Tesis digital</subfield>
    <subfield code="r">2023-05-02 00:00:00</subfield>
    <subfield code="w">2023-05-02</subfield>
    <subfield code="y">TD</subfield>
  </datafield>
</record>
